Guía para estimular el desarrollo infantil: de los 45 días al primer año

Salvato in:
Dettagli Bibliografici
Autore principale: Frías Sánchez, Carolina (Autore)
Natura: Libro
Lingua:spagnolo
Pubblicazione: Ciudad de México Trillas 2002
Edizione:1a. ed
Soggetti:
Tags: Aggiungi Tag
Nessun Tag, puoi essere il primo ad aggiungerne!!

MARC

LEADER 00000nam a2200000 a 4500
001 UCI6444
003 CL-VaPUC
008 080509e20020000MX |||||||||||||||||spa|d
020 |a 9682464846 
082 0 4 |a 155.422  |b FRI  |2 21 
100 0 |a Frías Sánchez, Carolina  |e author  |9 529363 
245 1 0 |a Guía para estimular el desarrollo infantil: de los 45 días al primer año 
250 |a 1a. ed 
300 |a 136 p 
942 |c BK 
945 |d 20080509 00:00:00  |a rbrito 
260 |a Ciudad de México  |b Trillas  |c 2002 
650 0 |a Desarrollo infantil  |9 308064 
650 7 |a CRECIMIENTO  |2 CL-VaPUC  |9 529364 
650 7 |a MOTRICIDAD  |2 CL-VaPUC  |9 307419 
650 7 |a CUIDADO DE NIÑOS  |2 CL-VaPUC  |9 448809 
583 |a last modification  |c 20080509 00:00:00  |k Rodrigo Vera 
999 |c 329955  |d 329953 
952 |0 0  |1 0  |4 0  |6 155_422000000000000_FRI_2002  |7 0  |8 A  |9 415206  |a BIBEDU  |b BIBEDU  |d 2019-11-22  |i 4434919  |l 1  |o 155.422 FRI 2002  |p 4434919  |r 2024-05-14  |s 2024-04-12  |w 2019-11-22  |y BK  |k PAR